ការត្រៀមខ្លួនធ្វើការងារ / (Record no. 1563)
[ view plain ]
| 000 -LEADER | |
|---|---|
| fixed length control field | 01838nam a22003137a 4500 |
| 001 - CONTROL NUMBER | |
| control field | 1563 |
| 003 - CONTROL NUMBER IDENTIFIER | |
| control field | FISKH |
| 005 - DATE AND TIME OF LATEST TRANSACTION | |
| control field | 20231002114339.0 |
| 008 - FIXED-LENGTH DATA ELEMENTS--GENERAL INFORMATION | |
| fixed length control field | 230907b cb ||||| |||| 00| 0 khr d |
| 020 ## - INTERNATIONAL STANDARD BOOK NUMBER | |
| International Standard Book Number | 9789996305535 |
| 040 ## - CATALOGING SOURCE | |
| Original cataloging agency | FISKH |
| Language of cataloging | eng |
| Transcribing agency | FISKH |
| Modifying agency | FISKH |
| 082 ## - DEWEY DECIMAL CLASSIFICATION NUMBER | |
| Classification number | 331.702 |
| 100 ## - MAIN ENTRY--PERSONAL NAME | |
| Personal name | Anonymous |
| 245 ## - TITLE STATEMENT | |
| Title | ការត្រៀមខ្លួនធ្វើការងារ / |
| 250 ## - EDITION STATEMENT | |
| Edition statement | បោះពុម្ពលើកទី៣ មិនា ២០២១ |
| 260 ## - PUBLICATION, DISTRIBUTION, ETC. | |
| Place of publication, distribution, etc. | Phnom Penh : |
| Name of publisher, distributor, etc. | Sipar, |
| Date of publication, distribution, etc. | 2021. |
| 300 ## - PHYSICAL DESCRIPTION | |
| Extent | 48 pages : |
| Other physical details | color illustrations ; |
| Dimensions | 29 cm |
| 490 ## - SERIES STATEMENT | |
| Series statement | បំនិនជីវិត |
| 505 ## - FORMATTED CONTENTS NOTE | |
| Formatted contents note | Z'<br/> |
| 520 ## - SUMMARY, ETC. | |
| Summary, etc. | បង្ហាញពីដំណើរការនៃការរៀបចំត្រៀមខ្លួន ធ្វើការងាររួមមាន៖ មុននឹងស្វែងរកការងារ របៀបទទួលបានការងារ ការរក្សារការងារ ការធ្វើឳ្យមានភាពរីកចម្រើនក្នុងការងារ ការងារចំណាកស្រុកប្រកបដោយសុវត្ថិភាពនិងមុខរបរផ្សេងៗទៀត។ |
| 520 ## - SUMMARY, ETC. | |
| Summary, etc. | Demonstrates the process of preparing for work, including: before finding a job, how to get a job, keeping a job, job advancement, safe migration and other occupations. |
| 521 8# - TARGET AUDIENCE NOTE | |
| Target audience note | 1120<br/> |
| Source | Lexile estimate<br/> |
| 521 8# - TARGET AUDIENCE NOTE | |
| Target audience note | Z'<br/> |
| Source | Raz-Plus<br/> |
| 650 ## - SUBJECT ADDED ENTRY--TOPICAL TERM | |
| Topical term or geographic name entry element | ការត្រៀមខ្លួន |
| Form subdivision | ការស្វែងរក |
| General subdivision | ភាពរីកចម្រើន |
| Chronological subdivision | ការងារ |
| 650 ## - SUBJECT ADDED ENTRY--TOPICAL TERM | |
| Topical term or geographic name entry element | Preparation |
| Form subdivision | Searching |
| General subdivision | Improve |
| Chronological subdivision | Work |
| 700 ## - ADDED ENTRY--PERSONAL NAME | |
| Personal name | Sovanrith, Khun |
| Relator term | illustrator |
| 700 ## - ADDED ENTRY--PERSONAL NAME | |
| Personal name | Ratha, Ouk |
| Relator term | illustrator |
| 942 ## - ADDED ENTRY ELEMENTS (KOHA) | |
| Source of classification or shelving scheme | Dewey Decimal Classification |
| Koha item type | Books |
| Suppress in OPAC | No |
| Withdrawn status | Lost status | Source of classification or shelving scheme | Damaged status | Not for loan | Collection | Home library | Current library | Shelving location | Date acquired | Total Checkouts | Full call number | Barcode | Date last seen | Copy number | Price effective from | Koha item type | Date last checked out |
|---|---|---|---|---|---|---|---|---|---|---|---|---|---|---|---|---|---|
| Dewey Decimal Classification | Khmer Non-Fiction / សៀវភៅខ្មែរ រឿងពិត | Footprints International School Library Network Toul Kork Campus | Footprints International School Library Network Toul Kork Campus | 09/07/2023 | ANO 331.702 | 2023-0518 | 09/07/2023 | 1 | 09/07/2023 | Books | |||||||
| Dewey Decimal Classification | Khmer Non-Fiction / សៀវភៅខ្មែរ រឿងពិត | Footprints International School Library Network Toul Kork Campus | Footprints International School Library Network Toul Kork Campus | 09/07/2023 | 1 | ANO 331.702 | 2023-0519 | 06/30/2025 | 2 | 09/07/2023 | Books | 06/30/2025 |
